Quizzes
Events
Quiz Creation
Community
Videos
Private Events
Remove Ads
Sign In
Join for FREE
Feedback
Dark Mode
Quiz Categories
Sports
Geography
Music
Movies
Television
Just For Fun
Miscellaneous
History
Literature
Language
Science
Gaming
Entertainment
Religion
Holiday
For Kids
Quiz Lab
Recent
Popular Today
Quiz Kudos Today
Editor Picks
Curator Picks
Quizzes by...
Day
Popularity
Type
Ratings
Length
Year
Community
Subscriptions
Recent Discussions
Orange Saloon
Badges
Playlists
Quests
Create
Leaderboards
Showdown
Live 5
Trivia Bingo
Activity
Puzzle Library
Sporcle Events
Private Events
Virtual Trivia
Globe League
Become a Host
Pub Owners
SporcleCon
Opinionation
Our Games
Videos
Blog
Mobile Apps
Partnerships
Remove Ads and Go Orange
Feedback
Movies
Disney
Marvel Cinematic Universe
Movie Resume
Movie Titles
Oscar
Actor
Actress
Director
Pixar
Role
Movie Quotes
Movie Characters
Box Office
Nominee
Best Picture
Star Wars
James Bond
Horror Movies
Movies
Disney
Marvel Cinematic Universe
Movie Resume
Movie Titles
Oscar
Actor
Actress
Director
Pixar
Role
Movie Quotes
Movie Characters
Box Office
Nominee
Best Picture
Star Wars
James Bond
Horror Movies
Random Quiz
Search Sporcle
×
Quiz Lab
Quiz Lab
Movies
Disney
Type in answers that appear in a list
Type in answers that appear in a list
Classic
Best Score? Go Orange.
Guess the Lyric - Disney Song Stats
Can you name the Guess the Lyric - Disney Song?
By
grumpet
8m
246 Questions
791 Plays
791 Plays
791 Plays
Comments
Comments
Give Quiz Kudos
Give Quiz Kudos
-
- Ratings
hide this ad
Replay
Link that replays current quiz
Next Quiz
Link to next quiz in quiz playlist
You Got
0%
They Got
Avg Score
58%
Avg Friend Score
Upgrade to see
Score Distribution
Jump to the score distribution portion of the page
Score
0/246
Timer
08:00
0
Plays Today
% Correct
the
95.9%
the
95.9%
the
95.9%
the
95.9%
the
95.9%
the
95.9%
the
95.9%
the
95.9%
the
95.9%
the
95.9%
the
95.9%
the
95.9%
the
95.9%
the
95.9%
you
90.5%
you
90.5%
you
90.5%
you
90.5%
you
90.5%
you
90.5%
you
90.5%
you
90.5%
Be
83.9%
be
83.9%
Be
83.9%
Be
83.9%
Be
83.9%
be
83.9%
Be
83.9%
Be
83.9%
me
83.5%
me
83.5%
me
83.5%
to
83.4%
to
83.4%
to
83.4%
to
83.4%
to
83.4%
to
83.4%
and
82.6%
and
82.6%
We
81.6%
We
81.6%
he
79.8%
can
78.1%
can
78.1%
when
76.6%
so
76.4%
is
75.3%
go
75.2%
they
74.4%
for
74.3%
on
74.3%
for
74.3%
for
74.3%
of
74.1%
of
74.1%
of
74.1%
of
74.1%
of
74.1%
of
74.1%
of
74.1%
of
74.1%
of
74.1%
of
74.1%
your
72%
as
71%
as
71%
as
71%
as
71%
as
71%
my
70.6%
my
70.6%
see
66.4%
I'll
65.4%
I'll
65.4%
are
65.1%
who
65.1%
You're
64.4%
You're
64.4%
You're
64.4%
you're
64.4%
% Correct
I
64%
I
64%
I
64%
I
64%
I
64%
I
64%
how
63.4%
How
63.4%
that
63%
out
62.1%
out
62.1%
out
62.1%
I'm
61.9%
ever
61.1%
we're
59.9%
man
59.4%
man
59.4%
man
59.4%
man
59.4%
man
59.4%
man
59.4%
man
59.4%
man
59.4%
man
59.4%
This
59.2%
all
59.2%
all
59.2%
all
59.2%
all
59.2%
get
59.1%
make
59.1%
make
59.1%
make
59.1%
With
58.8%
With
58.8%
With
58.8%
With
58.8%
Did
57.3%
but
56.9%
but
56.9%
down
56.7%
us
55%
huns
54.1%
a
54.1%
a
54.1%
a
54.1%
a
54.1%
a
54.1%
a
54.1%
a
54.1%
a
54.1%
a
54.1%
a
54.1%
a
54.1%
Huns
54.1%
a
54.1%
a
54.1%
a
54.1%
a
54.1%
a
54.1%
a
54.1%
was
53.7%
Let's
53.6%
through
53.6%
through
53.6%
through
53.6%
defeat
52.6%
daughters
52.6%
send
52.3%
asked
52.3%
never
52.1%
sons
52%
business
51%
got
50.7%
knew
49.9%
knew
49.9%
say
49.3%
Time
49%
fire
48.7%
fire
48.7%
up
48.7%
fire
48.7%
% Correct
Now
47.8%
met
47.5%
bunch
47.1%
saddest
46.8%
bet
46.8%
wish
46.4%
must
46.4%
river
46.4%
moon
46.4%
must
46.4%
river
46.4%
moon
46.4%
before
46.3%
right
45.9%
side
44.9%
side
44.9%
those
44.7%
dark
44.6%
dark
44.6%
doesn't
44.5%
gonna
44.2%
great
43.9%
great
43.9%
swift
43.1%
raging
43.1%
swift
43.1%
raging
43.1%
mister
42.8%
Hope
42.8%
win
42.7%
somehow
42%
typhoon
42%
Mysterious
42%
every
42%
typhoon
42%
Mysterious
42%
fool
41.6%
gym
41.4%
haven't
40.6%
strength
40.6%
strength
40.6%
find
40.4%
really
40.1%
Once
39.9%
forest
39.8%
breath
39.8%
coursing
39.8%
coursing
39.8%
clue
39.7%
catch
39.7%
cutting
39.7%
lot
39.5%
swim
39.5%
Boy
39.3%
goodbye
39%
sure
38.8%
within
38.3%
pathetic
37.9%
force
37.8%
force
37.8%
Tranquil
37.1%
spineless
37%
might
37%
scared
36.6%
center
36%
guys
36%
death
36%
war
36%
home
35.9%
pale
35.2%
pack
33.6%
racing
33.3%
arrive
32.1%
survive
32.1%
order
31.8%
rage
31.8%
Heed
30.8%
towards
29.5%
till
28%
unsuited
26.5%
got'em
22.9%
1.4%
Quiz Playlist
Details
Report
Send in Message
Add To Playlist
Classic:
Type in answers that appear in a list
Last Updated: Feb 16, 2017
Quiz Scoreboard
CHALLENGE
Sign Up to Join the Scoreboard
Show All
Scores
Hide
Comments
May contain spoilers
Recently Published
Decade Duel: World Leaders
by jenniferyan
History
4m
Alphabetical 'K' Countries by Flag Minefield
by ylime102
Geography
3m
Pick 6: Fruits
by JohnFran
Miscellaneous
15s
More to Explore
Quiz From the Vault
Featured Blog Post
15 Basketball Trivia Facts You Can Be March Mad About
hide this ad
You Might Also Like...
Tags
Disney Quiz
Song Quiz
Today's Top Quizzes in Movies
Browse Movies
hide this ad
Today's Top Quizzes in Disney
Browse Disney
Top Contributed Quizzes in Movies
1
Pick 6: Harry Potter
2
Pick 6: Movie Franchises
3
Pick 6: Actors
4
Pick 6: Actresses
5
Pick 6: Disney Princesses
6
Match The President To The Fictional Crisis
7
Movies of the Seasons
8
Seasonal Films
9
Harry Potter Logic Puzzle
10
Springtime Movie Scenes (Quiz 2 of 2)
Explore More
Trending Topics
Marvel
Anime
Crossword
Kpop
Harry Potter
Disney
NBA
Country
Song
Puzzle
Soccer
The Office
WWE
NFL
Pokémon
hide this ad
More By:
grumpet
Quiz
Plays
Rating
Category
Featured
Created
Guess the Lyric - Disney Song
791
2.20
Movies
Jul 14, 2011
Go to Creator's Profile
Score Distribution
Quiz Creator Spotlight
grumpet
Follow
Send a Message
Quizzes Created
-
Created Quiz Play Count
-
More By This Creator
Popular Quizzes Today
1
Countries of Asia Without Outlines Minefield
2
Find the US States - No Outlines Minefield
3
Pick 6: Fruits
4
Alphabetical 'K' Countries by Flag Minefield
5
The Countries of the World
6
Find the Countries of Europe - No Outlines Minefield
7
Find the US States
8
US States
More Movies Quizzes
Alphabet Grid: At The Movies
Quiz Lab
Trending Quizzes
Pick 6: Mountains
Pick 6: Harry Potter
Pick 6: Flags
Pick 6: NFL Teams
Pick 6: Movie Franchises
Recently Updated
NWSL Teams
pecheneg
Women's Final Four Teams by Year
bhenderson79
Presidents Quartet II
eogle
Anything But Clue(do)
eogle
Anything But Oceanian Capitals
eogle
Anything But 7
eogle
Anything But Thing
eogle
Word Ladder: February 29
pecheneg
Song Title Questions
pecheneg
Women's NCAA Tournament #1 Seeds
pecheneg
Trending Topics
Disney
Marvel
Kpop
Crossword
Harry Potter
NBA
Anime
Country
Pokémon
Song
The Office
Soccer
NFL
Puzzle
WWE
Your Account Isn't Verified!
In order to create a playlist on Sporcle, you need to verify the email address you used during registration. Go to your
Sporcle Settings
to finish the process.
Report this User
Report this user for behavior that violates our
Community Guidelines
.
Details:
Send Report
Go to the Sporcle.com Mobile Site →
Comments